000 00387nam a2200145Ia 4500
008 220216s9999 xx 000 0 und d
100 _aBhat K V
245 0 _aRFLP characterization of Indian Musa germplasm for clonal identification and classification
260 _bEuphytica
_c1994
300 _a95-104
650 _aRFLP
700 _aJarret R L
700 _aLiu Z W
942 _cJS
999 _c67007
_d67007